Kaedah penyelidikan pendidikan

Bibliographic Details
Main Author: Mohd. Majid Konting (Author)
Format: Book
Language:English
Published: Kuala Lumpur : Dewan Bahasa dan Pustaka 1990
Subjects:

MARC

LEADER 00000cam a2200000 7i4500
001 0000003981
005 20240930.0
008 991207 my eng
020 |a 9836214046 
040 |a INS   |b eng   |e rda 
090 0 0 |a LB1028.   |b M83 1990 
100 0 |a Mohd. Majid Konting ,   |e author 
245 1 0 |a Kaedah penyelidikan pendidikan   |c Mohd. Majid Konting 
264 1 |a Kuala Lumpur :   |b Dewan Bahasa dan Pustaka   |c 1990 
300 |a xix, 599 pages ;   |c 22 cm. 
336 |a text  |2 rdacontent 
337 |a unmediated  |2 rdamedia 
338 |a volume  |2 rdacarrier 
504 |a Includes bibliographical references and index 
650 0 |a Educational research 
999 |a 0000004382   |b BOOK   |c Open Shelf   |e Default branch